| 000 | 00411nam a22001217a 4500 | ||
|---|---|---|---|
| 008 | 230609b xxu||||| |||| 00| 0 eng d | ||
| 082 |
_a354.676 _bGok |
||
| 110 | _bGOK | ||
| 245 |
_a2006/2007 Supplementary Estimates( Development Expenditure) _bEstimates of further sums required to be voted for the service of the year Ending 30th June, 2007 |
||
| 260 |
_aKenya _bGOK _cJune 2007 |
||
| 300 | _a574p | ||
| 942 |
_2ddc _cBK |
||
| 999 |
_c910 _d910 |
||